00724nam a2200229Ia 4500003000400000005001700004008004100021020003000062040001700092082002000109100001600129245005800145250003200203260003000235300002700265500001900292650001500311650001700326942000900343952012700352999001500479IIN20250328153521.0250328s9999 xx adc 001 0 eng d cRs.1740.00a9788131262894 aIINbEnglish a615.854 bNIX1 aNix, Staci 1 aWilliams' Basic Nutrition and Diet TherapycStaci Nix a16th edbSouth Asia Edition bElsevieraNew Delhic2022 axvi, 553 p.bcol. ill. aIncludes Index1 aNutrition 1 aDiet Therapy cBOOK 00102ddc40708PURCHaIINbIINcGENd2025-03-11g1740.00l0o615.854 NIXp1760r2025-03-28 15:36:18w2025-03-28yBOOK c1720d1720